1046 1596 1600 1583 1941 1196 1148 1304 1934 1282 1095 1904 1967 1099 1833 1413 1756 1443 1813 1703 1110 1463 1887 1332 1721 1957 1132 1192 1125 1650 1026 1839 1071 1137 1308 1638 1740 1676 1869 1446 1623 1406 1262 1856 1891 1346 1568 1698 1467 1525 1675 1192 1263 1040 1878 1721 1889 1256 1726 1538 1617 1532 1069 1826 1064 1310 1512 1154 1372 1908 1682 1749 1756 1721 1117 1097 1143 1920 1859 1749 1094 1663 1563 1383 1012 1183 1920 1264 1938 1157 1244 1789 1884 1600 1453 1666 1408 1155 1146 BCNSPRNW ULIB Ver.6.0+V

เปลี่ยนเป็นภาษาไทย

Change to English
 แสดงรายละเอียดบรรณานุกรม
  กลับหน้าหลัก

Brief Record : Get Marc (ISO 2709) : E-mail record : QR code < ปิดหน้าต่าง
LEADER : 00000nam 2200000uu 4500
001    13399123131
003     ULIB
008    140330s2552||||th 000 0 tha d
020    ^a9786115020133
090    ^aนว.^bม946พ 2552
100 0  ^aโมริสา
245 00 ^aพยัคฆ์ร้ายในสายหมอก/^cโมริสา
260    ^aกรุงเทพฯ :^bSugarBeat,^c2552
300    ^a 327 หน้า
945    ^p220^l0^i027755
999    ^aเกษร โพธิ์สุวรรณ
รายการนี้ยังไม่มีแท็ก
คุณยังไม่ได้ล็อกอิน คุณสามารถมีกิจกรรมร่วมกับเว็บไซต์ได้ แต่ต้องล็อกอินก่อน ::
  ล็อกอิน

รายการสื่อสารสนเทศ

ลำดับที่ ประเภท เลขเรียก/บาร์โค้ด สถานที่ สถานะ
1. นวนิยาย
นวนิยาย
นว. ม946พ 2552  
  Barcode: 027755
ห้องสมุดวิทยาเขตสวรรค์ประชารักษ์
►วิจัย
บนชั้น

BibComment


ยังไม่เคยถูกคอมเมนท์

คอมเมนท์ทรัพยากรรายการนี้
  คอมเมนท์: พยัคฆ์ร้ายในสายห..


 Copyright 2026. Bcnsprnw @Library